Poet/lyricist : (Record no. 9840)
[ view plain ]
| 000 -LEADER | |
|---|---|
| fixed length control field | 00624cam a22002052 4500 |
| 001 - CONTROL NUMBER | |
| control field | 0000023496 |
| 005 - DATE AND TIME OF LATEST TRANSACTION | |
| control field | 20151217152242.0 |
| 008 - FIXED-LENGTH DATA ELEMENTS--GENERAL INFORMATION | |
| fixed length control field | 130124s xx 000 0 eng d |
| 020 ## - INTERNATIONAL STANDARD BOOK NUMBER | |
| International Standard Book Number | 1403198877 : |
| 040 ## - CATALOGING SOURCE | |
| Original cataloging agency | KABU |
| Transcribing agency | KABU |
| 100 1# - MAIN ENTRY--PERSONAL NAME | |
| Personal name | Hubbard, L. Ron. |
| -- | 0000182885 |
| 245 10 - TITLE STATEMENT | |
| Title | Poet/lyricist : |
| Remainder of title | the aesthetics of verse / |
| Statement of responsibility, etc. | L. Ron Hubbard. |
| 250 ## - EDITION STATEMENT | |
| Edition statement | 2nd ed. |
| 260 ## - PUBLICATION, DISTRIBUTION, ETC. (IMPRINT) | |
| Place of publication, distribution, etc. | Commerce, CA : |
| Name of publisher, distributor, etc. | Bridge Publications, |
| Date of publication, distribution, etc. | 2012. |
| 300 ## - PHYSICAL DESCRIPTION | |
| Extent | 259 p. |
| 600 10 - SUBJECT ADDED ENTRY--PERSONAL NAME | |
| Personal name | Hubbard, L. Ron |
| General subdivision | Knowledge |
| -- | Poetry. |
| -- | 0000182885 |
| 852 1# - LOCATION | |
| -- | p1000 KES |
| 908 ## - PUT COMMAND PARAMETER (RLIN) | |
| Put command parameter | 130124 |
| 950 ## - LOCAL HOLDINGS (RLIN) | |
| -- | 1 |
| Withdrawn status | Lost status | Source of classification or shelving scheme | Not for loan | Home library | Current library | Date acquired | Total Checkouts | Total Renewals | Full call number | Barcode | Date last seen | Date last checked out | Price effective from | Koha item type |
|---|---|---|---|---|---|---|---|---|---|---|---|---|---|---|
| Library of Congress Classification | Kabarak, Nakuru City Campus | Kabarak, Nakuru City Campus | 17/12/2015 | 1 | 1 | PS3515 .U1417A6 2012 c. 1 | 19433 | 23/08/2022 | 15/09/2017 | 17/12/2015 | General Collection |